Effectif Hockey Club Davos 2023/2024 - Statistiques

Statistiques générales
  • Ce quiz a été pris 19 fois
  • Le résultat moyen est 14 sur 36
Statistiques - réponses
Poste Nationalié Nom % Correct
29 Gardien Suisse Sandro Aeschlimann
92%
10 Attaquant Suisse Andres Ambühl
85%
44 Attaquant République Tchèque Matej Stransky
85%
91 Gardien Suisse Gilles Senn
77%
96 Attaquant Suisse Chris Egli
69%
46 Défenseur Suisse Dominik Egli
69%
12 Défenseur Suisse/France Enzo Guebey
69%
20 Défenseur Suisse Michael Fora
69%
70 Attaquant Suisse Enzo Corvi
62%
65 Attaquant Suisse Marc Wieser
54%
36 Attaquant Suisse Simon Knak
54%
90 Défenseur Suisse Sven Jung
54%
66 Attaquant Suisse Valentin Nussbaumer
46%
42 Attaquant Suède Joakim Nordström
38%
Coach Suisse/Canada Josh Holden
38%
21 Attaquant Suisse/Pays-Bas Julian Parrée
38%
6 Défenseur Suède Klas Dahlbeck
38%
1 Gardien Suisse Laurin Soler
38%
81 Attaquant Suisse Raphael Prassl
38%
93 Attaquant Suisse Yannick Frehner
38%
57 Défenseur Suisse/Ukraine Davyd Barandun
31%
40 Attaquant Suède Dennis Rasmussen
31%
8 Attaquant Suisse Rico Gredig
31%
16 Défenseur Suisse Gian Leipold
23%
51 Défenseur Finlande Kristian Näkyvä
23%
88 Défenseur Suisse Tim Minder
23%
4 Défenseur Suisse Yanik Lichtensteiger
23%
9 Attaquant Suisse Gian-Marco Hammerer
15%
67 Attaquant Suède Leon Bristedt
15%
38 Défenseur Suisse Oliver Heinen
15%
22 Attaquant Finlande Aleksi Mustonen
8%
13 Attaquant Suisse/Finlande Aleksi Peltonen
8%
25 Défenseur Suisse Jorden Gähler
8%
87 Attaquant Suisse Lars Steiner
8%
32 Défenseur Suisse Noah Schneeberger
8%
92 Attaquant Slovaquie Tomas Jurco
8%
Aucun quiz correspondant
Distribution des résultats
% des personnes avec chaque résultat
Percentile par nombre de réponses
Votre historique - résultats
Vous n’avez pas pris ce quiz